000
00349nam a2200133Ia 4500
008
151001s9999||||xx |||||||||||||| ||und||
100
_a
दुर्गा - भागवत
245
_a
पैस
250
_a
1
260
_b
मॅजेस्टीक प्रकाशन मुंबई
260
_c
1970
300
_a
71
365
_b
8.5
999
_c
954832
_d
954829